000 01142cam a2200373Ia 4500
001 74490211
003 OCoLC
005 20140408182527.0
008 061027r20061932nyu 000 1 eng d
020 _a0060850523
020 _a9780060850524
035 _a(OCoLC)74490211
040 _aDPB
_cDPB
_dBAKER
_dYDXCP
_dBTCTA
_dSUC
_dSX@
041 _aspa
049 _aSX@A
082 0 4 _a823/.912
_222
099 _aHuxley, A.
100 1 _aHuxley, Aldous,
_d1894-1963.
245 1 0 _aBrave new world /
_cAldous Huxley.
250 _a1st Harper Perennial Modern Classics ed.
260 _aNew York ;
_aLondon :
_bHarper Perennial Modern Classics,
_c2006.
300 _a259, 20 p. ;
_c21 cm.
500 _aOriginally published: Harper & Brothers Publishers, 1932.
650 0 _aPassivity (Psychology)
_vFiction.
650 0 _aGenetic engineering
_vFiction.
650 0 _aTotalitarianism
_vFiction.
650 0 _aCollectivism
_vFiction.
655 7 _aPsychological fiction.
_2lcsh.
655 7 _aPolitical fiction.
_2lcsh.
655 7 _aScience fiction.
_2gsafd.
655 7 _aDystopias.
_2gsafd.
907 _a.b13936463
942 _2ddc
_cBK
999 _c2
_d2